Educational Roots of Political Crisis in Egypt / (Record no. 17156)
[ view plain ]
| 000 -LEADER | |
|---|---|
| fixed length control field | 01745cam a2200289 a 4500 |
| 001 - CONTROL NUMBER | |
| control field | 15359208 |
| 005 - DATE AND TIME OF LATEST TRANSACTION | |
| control field | 20130129115650.0 |
| 008 - FIXED-LENGTH DATA ELEMENTS--GENERAL INFORMATION | |
| fixed length control field | 080709s2008 mdua b 001 0 eng |
| 010 ## - LIBRARY OF CONGRESS CONTROL NUMBER | |
| LC control number | 2008029080 |
| 020 ## - INTERNATIONAL STANDARD BOOK NUMBER | |
| International Standard Book Number | 9789774162831 |
| 020 ## - INTERNATIONAL STANDARD BOOK NUMBER | |
| International Standard Book Number | 9780739118986 (cloth : alk. paper) |
| 020 ## - INTERNATIONAL STANDARD BOOK NUMBER | |
| International Standard Book Number | 0739118986 (cloth : alk. paper) |
| 020 ## - INTERNATIONAL STANDARD BOOK NUMBER | |
| International Standard Book Number | 9780739131466 (ebook) |
| 020 ## - INTERNATIONAL STANDARD BOOK NUMBER | |
| International Standard Book Number | 073913146X (ebook) |
| 082 00 - DEWEY DECIMAL CLASSIFICATION NUMBER | |
| Classification number | 379.62 |
| Edition number | 22 |
| Item number | COC |
| 100 1# - MAIN ENTRY--PERSONAL NAME | |
| Personal name | Cochran, Judith. |
| 9 (RLIN) | 32061 |
| 245 10 - TITLE STATEMENT | |
| Title | Educational Roots of Political Crisis in Egypt / |
| Statement of responsibility, etc | Judith Cochran. |
| 260 ## - PUBLICATION, DISTRIBUTION, ETC. (IMPRINT) | |
| Place of publication, distribution, etc | Lanham, MD : |
| Name of publisher, distributor, etc | Lexington Books, |
| Date of publication, distribution, etc | c2008. |
| 300 ## - PHYSICAL DESCRIPTION | |
| Extent | 233 p. : |
| Other physical details | ill. ; |
| Dimensions | 24 cm. |
| 504 ## - BIBLIOGRAPHY, ETC. NOTE | |
| Bibliography, etc | Includes bibliographical references and index. |
| 505 0# - FORMATTED CONTENTS NOTE | |
| Formatted contents note | Roots of modern education -- Early religious education -- Mamluk and Ottoman education -- British occupation of Egypt 1882-1919/1957 -- Nationalization 1920-1952 -- A revolution that socialized education 1952-1970 -- The open door educational policy 1970-1983 -- Reorganization of public education from 1975 to present -- Educational reform : United States of America and World Bank funding 1974-2010 -- Women, education and politics -- Adult and alternative education reforms 1920's to present -- Tutoring in the 21st century -- Crisis in educational administration : examples taken from pre-school and university management -- Results of elementary and secondary school reorganizing 1980 to present -- Conclusion: Crisis in education in contemporary Egypt. |
| 650 #0 - SUBJECT ADDED ENTRY--TOPICAL TERM | |
| Topical term or geographic name as entry element | Education and state |
| Geographic subdivision | Egypt. |
| 9 (RLIN) | 32062 |
| 650 #0 - SUBJECT ADDED ENTRY--TOPICAL TERM | |
| Topical term or geographic name as entry element | Education |
| Geographic subdivision | Egypt |
| General subdivision | History. |
| 9 (RLIN) | 32063 |
| 653 ## - INDEX TERM--UNCONTROLLED | |
| Resource For college | |
| Arrived date list | January2013 |
| 942 ## - ADDED ENTRY ELEMENTS (KOHA) | |
| Source of classification or shelving scheme | Dewey Decimal Classification |
| Item type | Book - Borrowing |
| Withdrawn status | Item status | Source of classification or shelving scheme | Damaged status | Not for loan | Vendor | Home library | Current library | Shelving location | Date acquired | Source of acquisition | Cost, normal purchase price | Serial Enumeration / chronology | Total Checkouts | Total Renewals | Full call number | Barcode | Date last seen | Date last borrowed | Koha item type |
|---|---|---|---|---|---|---|---|---|---|---|---|---|---|---|---|---|---|---|---|
| Dewey Decimal Classification | AUC | Central Library | Central Library | First floor | 29/01/2013 | 100.00 | 1 | 5 | 40 | 379.62 COC | 000027914 | 15/07/2025 | 17/10/2021 | Book - Borrowing |